{"text_format":"1","workbook":"xlsx","n_sheets":1,"sheets":["Blank Price Bid Sheet- WC"],"not_rendered":{"charts":0,"images":0,"macros":1,"external_links":0,"defined_names":0,"comments":0,"pivot_tables":0},"unopened":[],"bounds":{"document_bytes":16777216,"sheet_cells":100000,"rows_first":2000,"rows_last":500,"rows_between":2000,"halvings":0,"cell_chars":16384,"cell_head_chars":4096},"cells_cut":0,"cells_raw":0,"read":"whole","date_system":"1900"}

{"sheet":"Blank Price Bid Sheet- WC","index":0,"n_rows":20,"n_cols":8,"rows_kept":20,"cut":false,"hidden":false,"merged":[[0,0,0,6],[14,2,14,6],[16,1,16,6],[17,1,17,6]]}
["Price Bid Sheet For Works Contract - JS 472"]
["Sl. No.","Description of Work","% Allocation (Item-wise)","Unit of Measurement","Quantum of Work","Rate per Unit (in Rs.)","Amount (in Rs.)"]
[" (A)","( B)","( C)","(D)","(E)","(F)","(G=E*F)"]
[1,"Rate in Rupees per KG for erection, testing, commissioning, trial operation and handing over of Pressure parts etc as per tender specifications ",8.1147232516021503E-2,"KG",46700,{"$f":" ROUNDDOWN( G4/E4,4)","v":33.362400000000001},{"$f":"+($G$14*C4)","v":1558026.8643076129}]
[2," Rate in Rupees per KG for erection, testing, commissioning, trial operation and handing over of  Non pressure parts etc as per tender specifications ",0.18296703270459549,"KG",124100,{"$f":" ROUNDDOWN( G5/E5,4)","v":28.307500000000001},3512967.0279282336]
[3,"Rate in Rupees per KG for erection, testing, commissioning, trial operation and handing over of Structures as per tender specifications ",0.20180144657139976,"KG",153300,25.2745,3874587.7741708755]
[4,"Rate in Rupees per KG for erection, testing, commissioning, trial operation and handing over of BOI Mech  as per tender specifications ",0.17279400671215625,"KG",117200,28.307500000000001,3317644.9288734002]
[5,"RATE in Rupees per KG for complete scope of work as per tender specification for ESP as per specifications. ",0.1648929565246951,"KG",111841,28.307500000000001,3165944.7652741461]
[6," Rate in Rupees per KG for erection,testing, commissioning, trial operation and handing over Chimney as per tender specifications ",3.8283037633329728E-2,"KG",29082,25.2745,735034.32255993073]
[7,"Rate in Rupees per KG for erection,testing, commissioning, trial operation and handing over Fans as per tender specifications",2.3884495808335592E-2,"KG",16200,28.307500000000001,458582.31952004338]
[8,"Rate in Rupees per KG for erection,testing, commissioning, trial operation and handing over of   C&I, General Ele. as per tender specifications",5.0391261927859435E-2,"KG",33000,29.3185,967512.2290149011]
[9,"Painting  of total Surface area as per drawing/ design",3.7411712690791854E-2,"SM",3500,205.22989999999999,718304.88366320357]
[10," All Laisioning work to complete the statutory requirement for commissioning of new boiler  ",4.6426816910815447E-2,"JOB",1,891394.88459999999,891394.88468765654]
[null,"GROSS TOTAL ",{"$f":"SUM(C4:C13)","v":1.0000000000000002},null,null,null,19200000,"To be quoted by bidder"]
[null,"Total price in words:",{"$f":"+RUP(G14)","v":"Rupees One Crore NinetyTwo Lakh  Only "}]
["Note:"]
[null,"1. Bidder has to quote in above unlocked cell only. Item rate shall be calculated automatically. Calculated item rates upto four decimal points may be adjusted w.r.t. gross total amount and it shall be the itemwise final rate for  execution of contract and all other purposes."]
[null,"2. Quoted gross total amount should be considered only if quoted in this excel sheet and print out of this should only be considered for evaluation.  If Price is quoted in any other format other than the Excel Sheet enclosed to the NIT , the offer of the bidder  will be rejected"]
[]
[null,null,"(Signature and Seal of  Contractor  )"]